<?xml version="1.0" encoding="UTF-8"?>
<collection xmlns="http://www.loc.gov/MARC21/slim">
 <record>
  <leader>05388cam a2200829   4500</leader>
  <controlfield tag="001">816632901</controlfield>
  <controlfield tag="003">DE-627</controlfield>
  <controlfield tag="005">20240309185317.0</controlfield>
  <controlfield tag="007">tu</controlfield>
  <controlfield tag="008">150127s2015    xxu||||| c    00| ||eng c</controlfield>
  <datafield tag="010" ind1=" " ind2=" ">
   <subfield code="a">  2015002909</subfield>
  </datafield>
  <datafield tag="020" ind1=" " ind2=" ">
   <subfield code="a">9780300210606</subfield>
   <subfield code="c">hardback</subfield>
   <subfield code="9">978-0-300-21060-6</subfield>
  </datafield>
  <datafield tag="020" ind1=" " ind2=" ">
   <subfield code="a">9780865592728</subfield>
   <subfield code="c">softcover</subfield>
   <subfield code="9">978-0-86559-272-8</subfield>
  </datafield>
  <datafield tag="035" ind1=" " ind2=" ">
   <subfield code="a">(DE-627)816632901</subfield>
  </datafield>
  <datafield tag="035" ind1=" " ind2=" ">
   <subfield code="a">(DE-576)433778873</subfield>
  </datafield>
  <datafield tag="035" ind1=" " ind2=" ">
   <subfield code="a">(DE-599)GBV816632901</subfield>
  </datafield>
  <datafield tag="035" ind1=" " ind2=" ">
   <subfield code="a">(OCoLC)913012950</subfield>
  </datafield>
  <datafield tag="035" ind1=" " ind2=" ">
   <subfield code="a">(OCoLC)913012950</subfield>
  </datafield>
  <datafield tag="040" ind1=" " ind2=" ">
   <subfield code="a">DE-627</subfield>
   <subfield code="b">ger</subfield>
   <subfield code="c">DE-627</subfield>
   <subfield code="e">rakwb</subfield>
  </datafield>
  <datafield tag="041" ind1=" " ind2=" ">
   <subfield code="a">eng</subfield>
  </datafield>
  <datafield tag="044" ind1=" " ind2=" ">
   <subfield code="c">XD-US</subfield>
   <subfield code="c">XA-GB</subfield>
  </datafield>
  <datafield tag="050" ind1=" " ind2="0">
   <subfield code="a">N6787</subfield>
  </datafield>
  <datafield tag="082" ind1="0" ind2=" ">
   <subfield code="a">709.415/09033</subfield>
   <subfield code="q">LOC</subfield>
   <subfield code="2">23</subfield>
  </datafield>
  <datafield tag="082" ind1="0" ind2="4">
   <subfield code="a">ART015030</subfield>
   <subfield code="a">ART006000</subfield>
   <subfield code="a">HIS018000</subfield>
   <subfield code="a">HIS054000</subfield>
   <subfield code="q">bisacsh</subfield>
  </datafield>
  <datafield tag="082" ind1="0" ind2="4">
   <subfield code="a">G:ie S:kg Z:30</subfield>
  </datafield>
  <datafield tag="084" ind1=" " ind2=" ">
   <subfield code="a">9,10</subfield>
   <subfield code="2">ssgn</subfield>
  </datafield>
  <datafield tag="084" ind1=" " ind2=" ">
   <subfield code="a">LO 50070</subfield>
   <subfield code="2">rvk</subfield>
   <subfield code="0">(DE-625)rvk/103755:</subfield>
  </datafield>
  <datafield tag="084" ind1=" " ind2=" ">
   <subfield code="a">LO 50090</subfield>
   <subfield code="2">rvk</subfield>
   <subfield code="0">(DE-625)rvk/103757:</subfield>
  </datafield>
  <datafield tag="084" ind1=" " ind2=" ">
   <subfield code="a">LO 50080</subfield>
   <subfield code="2">rvk</subfield>
   <subfield code="0">(DE-625)rvk/103756:</subfield>
  </datafield>
  <datafield tag="084" ind1=" " ind2=" ">
   <subfield code="a">20.70</subfield>
   <subfield code="2">bkl</subfield>
  </datafield>
  <datafield tag="245" ind1="1" ind2="0">
   <subfield code="a">Ireland</subfield>
   <subfield code="b">crossroads of art and design, 1690 - 1840 ; [... in conjunction with an exhibition of the same name ... presented at the Art Institue of Chicago, March 17 - June, 7 2015]</subfield>
   <subfield code="c">ed. by William Laffan and Christopher Monkhouse. With the assistance of Leslie Fitzpatrick. With contributions by Toby Barnard ...</subfield>
  </datafield>
  <datafield tag="250" ind1=" " ind2=" ">
   <subfield code="a">1. ed.</subfield>
  </datafield>
  <datafield tag="264" ind1=" " ind2="1">
   <subfield code="a">Chicago, Ill. [u.a.]</subfield>
   <subfield code="b">Art Institute of Chicago [u.a.]</subfield>
   <subfield code="c">2015</subfield>
  </datafield>
  <datafield tag="264" ind1=" " ind2="1">
   <subfield code="a">New Haven [u.a.]</subfield>
   <subfield code="b">Yale Univ. Press</subfield>
   <subfield code="c">2015</subfield>
  </datafield>
  <datafield tag="300" ind1=" " ind2=" ">
   <subfield code="a">288 S.</subfield>
   <subfield code="b">zahlr. Ill.</subfield>
   <subfield code="c">29 cm</subfield>
  </datafield>
  <datafield tag="336" ind1=" " ind2=" ">
   <subfield code="a">Text</subfield>
   <subfield code="b">txt</subfield>
   <subfield code="2">rdacontent</subfield>
  </datafield>
  <datafield tag="336" ind1=" " ind2=" ">
   <subfield code="a">unbewegtes Bild</subfield>
   <subfield code="b">sti</subfield>
   <subfield code="2">rdacontent</subfield>
  </datafield>
  <datafield tag="337" ind1=" " ind2=" ">
   <subfield code="a">ohne Hilfsmittel zu benutzen</subfield>
   <subfield code="b">n</subfield>
   <subfield code="2">rdamedia</subfield>
  </datafield>
  <datafield tag="338" ind1=" " ind2=" ">
   <subfield code="a">Band</subfield>
   <subfield code="b">nc</subfield>
   <subfield code="2">rdacarrier</subfield>
  </datafield>
  <datafield tag="500" ind1=" " ind2=" ">
   <subfield code="a">Includes bibliographical references</subfield>
  </datafield>
  <datafield tag="520" ind1=" " ind2=" ">
   <subfield code="a">&quot;This groundbreaking book captures a period in Ireland's history when countless foreign architects, artisans, and artists worked side by side with their native counterparts, forging a uniquely Irish style. Nearly all of the works within this remarkable volume--many of them never published before--have been drawn from North American collections. This catalogue accompanies the first exhibition to celebrate the Irish as artists, collectors, and patrons during a period known to scholars as the long 18th century. Featuring the work of a wide range of artists--known and unknown--and a diverse array of media, the catalogue also includes an impressive assembly of essays by a pre-eminent group of international experts working on the art and cultural history of Ireland. Major essays discuss the subjects of the Irish landscape and tourism, Irish country houses, and Dublin's role as a center of culture and commerce. Also included are numerous shorter essays covering a full spectrum of topics and artworks, including bookbinding, ceramics, furniture, glass, mezzotints, miniatures, musical instruments, pastels, silver, and textiles. &quot;--</subfield>
  </datafield>
  <datafield tag="583" ind1="1" ind2=" ">
   <subfield code="a">Archivierung/Langzeitarchivierung gewährleistet</subfield>
   <subfield code="f">SSG</subfield>
   <subfield code="x">XA-DE-BW</subfield>
   <subfield code="2">pdager</subfield>
   <subfield code="5">DE-16</subfield>
  </datafield>
  <datafield tag="650" ind1=" " ind2="0">
   <subfield code="a">Art, Irish</subfield>
   <subfield code="y">18th century</subfield>
   <subfield code="v">Exhibitions</subfield>
  </datafield>
  <datafield tag="651" ind1=" " ind2="0">
   <subfield code="a">Ireland</subfield>
   <subfield code="x">Civilization</subfield>
   <subfield code="y">18th century</subfield>
   <subfield code="v">Exhibitions</subfield>
  </datafield>
  <datafield tag="655" ind1=" " ind2="7">
   <subfield code="a">Ausstellungskatalog</subfield>
   <subfield code="y">2015</subfield>
   <subfield code="z">Chicago, Ill.</subfield>
   <subfield code="0">(DE-588)4135467-9</subfield>
   <subfield code="0">(DE-627)10566491X</subfield>
   <subfield code="0">(DE-576)209660988</subfield>
   <subfield code="2">gnd-content</subfield>
  </datafield>
  <datafield tag="689" ind1="0" ind2="0">
   <subfield code="d">g</subfield>
   <subfield code="0">(DE-588)4027667-3</subfield>
   <subfield code="0">(DE-627)10415229X</subfield>
   <subfield code="0">(DE-576)20897170X</subfield>
   <subfield code="a">Irland</subfield>
   <subfield code="2">gnd</subfield>
  </datafield>
  <datafield tag="689" ind1="0" ind2="1">
   <subfield code="d">s</subfield>
   <subfield code="0">(DE-588)4114333-4</subfield>
   <subfield code="0">(DE-627)105822957</subfield>
   <subfield code="0">(DE-576)209483733</subfield>
   <subfield code="a">Kunst</subfield>
   <subfield code="2">gnd</subfield>
  </datafield>
  <datafield tag="689" ind1="0" ind2="2">
   <subfield code="a">z</subfield>
   <subfield code="2">gnd</subfield>
   <subfield code="a">Geschichte 1690-1840</subfield>
  </datafield>
  <datafield tag="689" ind1="0" ind2=" ">
   <subfield code="5">DE-101</subfield>
  </datafield>
  <datafield tag="689" ind1="1" ind2="0">
   <subfield code="d">g</subfield>
   <subfield code="0">(DE-588)4027667-3</subfield>
   <subfield code="0">(DE-627)10415229X</subfield>
   <subfield code="0">(DE-576)20897170X</subfield>
   <subfield code="a">Irland</subfield>
   <subfield code="2">gnd</subfield>
  </datafield>
  <datafield tag="689" ind1="1" ind2="1">
   <subfield code="d">s</subfield>
   <subfield code="0">(DE-588)4114333-4</subfield>
   <subfield code="0">(DE-627)105822957</subfield>
   <subfield code="0">(DE-576)209483733</subfield>
   <subfield code="a">Kunst</subfield>
   <subfield code="2">gnd</subfield>
  </datafield>
  <datafield tag="689" ind1="1" ind2="2">
   <subfield code="a">z</subfield>
   <subfield code="2">gnd</subfield>
   <subfield code="a">Geschichte 1690-1840</subfield>
  </datafield>
  <datafield tag="689" ind1="1" ind2=" ">
   <subfield code="5">(DE-627)</subfield>
  </datafield>
  <datafield tag="700" ind1="1" ind2=" ">
   <subfield code="a">Laffan, William</subfield>
   <subfield code="e">Hrsg.</subfield>
   <subfield code="0">(DE-588)1071003801</subfield>
   <subfield code="0">(DE-627)825495105</subfield>
   <subfield code="0">(DE-576)432866213</subfield>
   <subfield code="4">edt</subfield>
  </datafield>
  <datafield tag="700" ind1="1" ind2=" ">
   <subfield code="a">Barnard, Toby C.</subfield>
   <subfield code="d">1945-</subfield>
   <subfield code="0">(DE-588)120604167</subfield>
   <subfield code="0">(DE-627)080775357</subfield>
   <subfield code="0">(DE-576)160173809</subfield>
   <subfield code="4">oth</subfield>
  </datafield>
  <datafield tag="710" ind1="2" ind2=" ">
   <subfield code="a">Art Institute of Chicago</subfield>
   <subfield code="0">(DE-588)1004734-7</subfield>
   <subfield code="0">(DE-627)103042407</subfield>
   <subfield code="0">(DE-576)191158054</subfield>
   <subfield code="4">oth</subfield>
  </datafield>
  <datafield tag="787" ind1="0" ind2="8">
   <subfield code="i">Rezensiert in</subfield>
   <subfield code="a">Whitmore, Janet</subfield>
   <subfield code="t">Ireland</subfield>
   <subfield code="d">2015</subfield>
   <subfield code="w">(DE-627)1760403083</subfield>
  </datafield>
  <datafield tag="856" ind1="4" ind2="2">
   <subfield code="u">https://swbplus.bsz-bw.de/bsz433778873inh.htm</subfield>
   <subfield code="m">B:DE-576;DE-16</subfield>
   <subfield code="q">application/pdf</subfield>
   <subfield code="v">20150710162138</subfield>
   <subfield code="x">Verlag</subfield>
   <subfield code="3">Inhaltsverzeichnis</subfield>
  </datafield>
  <datafield tag="935" ind1=" " ind2=" ">
   <subfield code="i">Blocktest</subfield>
  </datafield>
  <datafield tag="936" ind1="r" ind2="v">
   <subfield code="a">LO 50070</subfield>
   <subfield code="b">Barock, Rokoko</subfield>
   <subfield code="k">Kunstgeschichte</subfield>
   <subfield code="k">Kunst nach Ländern bzw. Kontinenten</subfield>
   <subfield code="k">Großbritannien, Irland</subfield>
   <subfield code="k">Britische und irische Kunstgeschichte nach Epochen</subfield>
   <subfield code="k">Barock, Rokoko</subfield>
   <subfield code="0">(DE-627)1271248522</subfield>
   <subfield code="0">(DE-625)rvk/103755:</subfield>
   <subfield code="0">(DE-576)201248522</subfield>
  </datafield>
  <datafield tag="936" ind1="r" ind2="v">
   <subfield code="a">LO 50090</subfield>
   <subfield code="b">19. Jahrhundert sowie 19. und 20. Jahrhundert</subfield>
   <subfield code="k">Kunstgeschichte</subfield>
   <subfield code="k">Kunst nach Ländern bzw. Kontinenten</subfield>
   <subfield code="k">Großbritannien, Irland</subfield>
   <subfield code="k">Britische und irische Kunstgeschichte nach Epochen</subfield>
   <subfield code="k">19. Jahrhundert sowie 19. und 20. Jahrhundert</subfield>
   <subfield code="0">(DE-627)1271248549</subfield>
   <subfield code="0">(DE-625)rvk/103757:</subfield>
   <subfield code="0">(DE-576)201248549</subfield>
  </datafield>
  <datafield tag="936" ind1="r" ind2="v">
   <subfield code="a">LO 50080</subfield>
   <subfield code="b">Klassizismus</subfield>
   <subfield code="k">Kunstgeschichte</subfield>
   <subfield code="k">Kunst nach Ländern bzw. Kontinenten</subfield>
   <subfield code="k">Großbritannien, Irland</subfield>
   <subfield code="k">Britische und irische Kunstgeschichte nach Epochen</subfield>
   <subfield code="k">Klassizismus</subfield>
   <subfield code="0">(DE-627)1271248530</subfield>
   <subfield code="0">(DE-625)rvk/103756:</subfield>
   <subfield code="0">(DE-576)201248530</subfield>
  </datafield>
  <datafield tag="936" ind1="b" ind2="k">
   <subfield code="a">20.70</subfield>
   <subfield code="j">Europäische Kunst: Allgemeines</subfield>
   <subfield code="0">(DE-627)106406566</subfield>
  </datafield>
  <datafield tag="951" ind1=" " ind2=" ">
   <subfield code="a">BO</subfield>
  </datafield>
  <datafield tag="990" ind1=" " ind2=" ">
   <subfield code="a">Irland</subfield>
  </datafield>
  <datafield tag="990" ind1=" " ind2=" ">
   <subfield code="a">Kunst</subfield>
  </datafield>
  <datafield tag="990" ind1=" " ind2=" ">
   <subfield code="a">Geschichte 1690-1840</subfield>
  </datafield>
  <datafield tag="990" ind1=" " ind2=" ">
   <subfield code="a">Irland</subfield>
  </datafield>
  <datafield tag="990" ind1=" " ind2=" ">
   <subfield code="a">Kunst</subfield>
  </datafield>
  <datafield tag="990" ind1=" " ind2=" ">
   <subfield code="a">Geschichte 1690-1840</subfield>
  </datafield>
  <datafield tag="991" ind1=" " ind2=" ">
   <subfield code="a">Rezensiertes Werk</subfield>
  </datafield>
  <datafield tag="999" ind1=" " ind2=" ">
   <subfield code="a">KXP-PPN816632901</subfield>
   <subfield code="e">4635349950</subfield>
  </datafield>
 </record>
</collection>
